| 000 | 00504nam a2200181Ia 4500 | ||
|---|---|---|---|
| 003 | OSt | ||
| 005 | 20170518093904.0 | ||
| 008 | 151021s9999 xx 000 0 und d | ||
| 040 |
_aMMU _beng _cMMU |
||
| 050 | _aKSK53.3 .J335 1980 | ||
| 100 | _aJackson Tudor | ||
| 245 |
_aGuide to the Legal Profession in kenya / _cTudor, Jackson |
||
| 260 |
_aNairobi : _bKenya school of law, _c 1980 |
||
| 300 | _axii,57 p. : | ||
| 500 | _aIncludes index | ||
| 650 | _aLegal Profession | ||
| 942 |
_2lcc _cLOAN LOAN |
||
| 999 |
_c7033 _d7033 |
||